|
|
|
|
| LEADER |
01407nab#a2200361#ar4500 |
| 001 |
000076930 |
| 003 |
SVKKK |
| 005 |
20060710xxxxxxx. |
| 008 |
06 c xo huno |
| FMT |
|
|
|
| 038 |
|
|
|a SVKKK
|
| 040 |
|
|
|a SVKKK
|b slo
|e AACR2
|
| 041 |
0 |
|
|a hun
|
| 044 |
|
|
|a xo
|c SK
|
| 080 |
|
|
|a 930.25
|
| 100 |
1 |
|
|a Dongó Gy., Géza
|4 aut
|
| 242 |
1 |
0 |
|a Testament župana Pála Gyapolfiho z roku 1278
|
| 245 |
1 |
0 |
|a Gyapolfi Pál ispán végrendelete 1278 ból
|c Géza Dongó Gy.
|
| 300 |
|
|
|b Dokončenie
|
| 520 |
2 |
|
|a Uverejnenie darovacej listiny uhorského kráľa Ladislava IV. z roku 1278, ktorým podaroval predkovi Rákociovcov Pavlovi Gyapolfiovi statky v Zemplíne pomenované Nižný Hrušov, Vyšný Hrušov a dnes už neexistujúce usadlosti Arács, Mára, Siruk. Potvrdenie donácie palatínom Fülüpom.
|
| 650 |
0 |
4 |
|a archiválie - darovacia listina uhorského kráľa Ladilsava IV. - rok 1278 - Gyapolfi, Pavol (statkár ?) - (testament) - Nižný Hrušov (HN) - Vyšný Hrušov (HN) - texty
|
| 773 |
0 |
|
|t Adalékok Zemplénvármegye Történetéhez
|g Roč. 15, č. 8-11 (1909) s. 233-235
|
| 957 |
|
|
|a Arács (dnes neexistuje)
|
| 957 |
|
|
|a Mára (dnes neexistuje)
|
| 957 |
|
|
|a Nižný Hrušov
|
| 957 |
|
|
|a Siruk (dnes neexistuje)
|
| 957 |
|
|
|a Vyšný Hrušov
|
| 958 |
|
|
|a DG
|
| 958 |
|
|
|a SK
|
| 974 |
|
|
|a Ba
|d 20060710
|
| 992 |
|
|
|a RBX
|
| BAS |
|
|
|
| 998 |
|
|
|a RETRO
|